Existe un proceso de democratización en A. Latina /
Antes se llamaba: ALAI SERVICIO MENSUAL DE INFORMACION Y DOCUMENTACION
Spremljeno u:
| Glavni autor: | |
|---|---|
| Format: | Tekst |
| Teme: | |
| Oznake: |
Dodaj oznaku
Bez oznaka, Budi prvi tko označuje ovaj zapis!
|
MARC
| LEADER | 00000 a a2200000 04500 | ||
|---|---|---|---|
| 001 | 45452 | ||
| 003 | |||
| 040 | |||
| 100 | |a Mires, Fernando | ||
| 245 | |a Existe un proceso de democratización en A. Latina / |c Fernando Mires | ||
| 520 | |a Antes se llamaba: ALAI SERVICIO MENSUAL DE INFORMACION Y DOCUMENTACION | ||
| 650 | |a HISTORIA POLITICA | ||
| 650 | |a GOBIERNO | ||
| 650 | |a DEMOCRACIA | ||
| 650 | |a AMERICA LATINA | ||
| 773 | |g volumen11, número87 (Enero, 1987), Págs. 17-18 | ||
| 999 | |c 30508 |d 30508 | ||
